000 00625nam a2200181 a 4500
001 000037154
005 20200930080156.0
008 120220s1969 mx 000 0 spa d
040 _aDO-SdBNP
_bspa
_cBNPHU
082 _axxxx
_bE83m, 1972
100 1 _aEtcharren Gutiérrez, Rene
_963554
245 1 0 _aManual de caminos vecinales. /
_cRene Etcharren Gutiérrez.
250 _a2a ed.
260 _aMéxico :
_bCentro Regional Ayuda Técnica :
_bAgencia Para el Desarrollo Internacioanl (AID),
_c1969.
300 _a387 p. ;
_c21 cm.
500 _aPrimera reimpresión a la 2a. edición, 1972
504 _aBibliografía : p.388
999 _c36644
_d36644